000 00326nam a22001457a 4500
008 210511b ||||| |||| 00| 0 eng d
020 _a9780470742204
041 _aeng
080 _a338
082 _a338
100 _a53
101 _aMEN
245 _aMaking Sense of the Organization
_cKarl E. Weick
942 _2udc
_cBK
999 _c57240
_d57240